| 000 | 01429cam a2200385 a 4500 | ||
|---|---|---|---|
| 001 | 657127 | ||
| 003 | OSt | ||
| 005 | 20231103103610.0 | ||
| 008 | 940126s1993 enk b 001 0 eng d | ||
| 010 | _a 94109468 | ||
| 015 | _aGB93-52444 | ||
| 020 | _a9789675062339 | ||
| 020 | _a0946621489 | ||
| 035 | _a(OCoLC)28524177 | ||
| 040 |
_aInU _cInU _dUk _dDLC |
||
| 041 | 1 | _aeng | |
| 042 | _alccopycat | ||
| 050 | 0 | 0 |
_aBP161.2 _b.A9913 1993 |
| 082 | 0 | 0 |
_a297 _bAZZ/E |
| 100 | 1 |
_aʻAzzām, ʻAbd al-Raḥmān _99817 |
|
| 240 | 1 | 0 |
_aRisālah al-khālidah. _lEnglish |
| 245 | 1 | 4 |
_aThe eternal message of Muhammad / _cby Abd al-Rahman Azzam ; translated from the Arabic by Caesar E. Farah ; introduction by Vincent Sheean. |
| 260 |
_aKaula Lumpur : _b Islamic Book Trust, _c2004.. |
||
| 300 |
_a250 p. ; _c22 cm. |
||
| 504 | _aIncludes bibliographical references and index. | ||
| 650 | 0 | _aIslam. | |
| 650 | 0 |
_aIslam _xUniversality. |
|
| 700 | 1 | _aFarah, Caesar E. | |
| 700 | 1 |
_aSheean, Vincent, _d1899-1975. |
|
| 856 | 4 | 2 |
_3Publisher description _uhttp://www.loc.gov/catdir/enhancements/fy0609/94109468-d.html |
| 856 | 4 | 1 |
_3Table of contents only _uhttp://www.loc.gov/catdir/enhancements/fy0609/94109468-t.html |
| 906 |
_a7 _bcbc _ccopycat _d3 _encip _f19 _gy-gencatlg |
||
| 942 |
_2ddc _cBK _h297 _iAZZ/E _k297 _mAZZ/E |
||
| 999 |
_c42767 _d42767 |
||